zpět

Detail výsledku týmu

BB69, Hradec Králové

Datum a čas kvízu

24.5 Celkem bodů Celkový počet nahraných bodů na tomto kvízu bez doplňovacích otázek.
7. Pořadí na kvízu Konečné umístění týmu na tomto kvízu.

Zaznamenané odpovědi

# Otázka Odpověď Body Výsledky
1. Praha plánuje přejmenovat námě... Boris Němcov 0
2. Když policejní oddělení v Seve... Sauron 1
3. Jak se jmenuje 32letý muž, jen... Ben Cristovao 1
4. Svět mobilních telefonů minulý... Blackberry 0
5. V úterý se konalo finále hokej... (Mountfield HK) Hradec Králové, Frölunda (HC Indians) 1
6. Další díl naší cesty kolem svě... Washington, Wisconsin, Wyoming 0.5
7. Ve kterém roce došlo dne 4. če... v roce 1776 0
8. Fakt, že se ve Spojených státe... 1A 2D 3C 4B 0
9. Která řeka "vyřezala" do kraji... A 1
10. Ze Spojených států pochází nep... Katy Perry 1